000 00402nam a2200157Ia 4500
005 20250310030534.0
008 240331s9999 xx 000 0 und d
020 _a955836200X
082 _bSIR
_a891
100 _aSiriwardena,A
245 0 _aAbhisarika
260 _aKohuwala
_bAgni Publishers
_c2000
300 _a111 p .,
500 _aA Collection Of Short Stories by Atula Siriwardane
942 _cL
999 _c5372
_d5372